000 00419nam a2200181Ia 4500
001 9256
005 20260306160710.0
008 260306t2021||||xx |||||||||||||| ||spa||
041 _aESP
082 _a378.005
_bU61
100 _aUniversidad César Vallejo
_eAUT
245 0 _aMemoria 30 años
260 _c2021
300 _a320 páginas :
_c26 cm.
650 _aGEN
654 _aCHU
942 _cLIB
_dJUS
_fJUS
_2ddc
_n
999 _c9256
_d9256